LEADER 01227nam a2200289 a 4500 001 000000127291 003 CaOOAMICUS 005 20120124103956.0 008 120124s2010 fr 000 u fre r 020 $a978-2-7010-1571-2 040 $aPUL$bita 100 1 $aMinnerath, Roland.$0(OLS)http://pul/name/18196 245 13$aLa primauté de l'évêque de Rome et l'unité de l'église du Christ /$cRoland Minnerath. 260 $aParis :$bBeauchesne,$c2010. 300 $a190 p. ;$c22 cm 490 1 $aLe point théologique ;$v63 504 $aBibliografia in nota. 650 14$aPapi$xPrimato.$0(OLS)http://pul/subject/201 650 4$aChiesa$xUnità.$0(OLS)http://pul/subject/2342 830 3$aLe point théologique ;$v63.$0(OLS)http://pul/title/10197 850 $aPUL 852 $aPUL$W1$xSL Religione 2$y84$mTheol A14 63$j147229$qStampati Altre Collocazioni$B145893$CPULBib$Z2$F145893 $H118704 $82 941 1 $a10 996 $6020$a978-2-7010-1571-2$9(OLS)http://pul/number/148627 996 $6245$aLa primauté de l'évêque de Rome et l'unité de l'église du Christ$9(OLS)http://pul/title/160819 996 $6260$aParis :$bBeauchesne$9(OLS)http://pul/publisher/48115 LEADER 01133nam a2200277 u 4500 001 000000106781 003 CaOOAMICUS 005 20220210175622.0 008 070907s1999 it u000 u ita u 032 $aLibriCat 040 $aPUL$bita$dPG 100 1 $aPorteous, Norman W.$0(OLS)http://pul/name/24712 240 10$aDaniel : a commentary.$lItaliano.$0(OLS)http://pul/title/134432 245 10$aDaniele /$ctraduzione e commento di Norman W. Porteous ; traduzione italiana di Franco Ronchi. 260 $aBrescia :$bPaideia,$cc1999. 300 $a239 p. ;$c21 cm. 490 1 $aAntico Testamento ;$v23 630 04$aBiblia.$pV.T.$pDaniel$xCommenti.$0(OLS)http://pul/subject/7430 700 1 $aRonchi, Franco.$0(OLS)http://pul/name/25184 830 0$aAntico Testamento ;$v23.$0(OLS)http://pul/title/18620 850 $aPUL 852 $aPUL$W1$xSL Religione 1$y3$m1(6) H 23$j120827$qStampati$q $B120010$CPULBib$Z2$F120010 $H80000 $81 941 1 $a8 996 $6245$aDaniele$9(OLS)http://pul/title/43033 996 $6260$aBrescia :$bPaideia$9(OLS)http://pul/publisher/47884